| 000 -LEADER |
| fixed length control field |
00677nam a2200229Ia 4500 |
| 001 - CONTROL NUMBER |
| control field |
15150 |
| 003 - CONTROL NUMBER IDENTIFIER |
| control field |
GE_BSU |
| 008 - FIXED-LENGTH DATA ELEMENTS--GENERAL INFORMATION |
| fixed length control field |
181216s||||||||xx |||||||||||||| ||und|| |
| 040 ## - CATALOGING SOURCE |
| Transcribing agency |
GE_BSU |
| 080 ## - UNIVERSAL DECIMAL CLASSIFICATION NUMBER |
| Universal Decimal Classification number |
82-93+821.353.1-32 |
| 100 ## - MAIN ENTRY--PERSONAL NAME |
| Personal name |
ლალიონი,ა. |
| 245 ## - TITLE STATEMENT |
| Title |
რაქვიანა. |
| 245 ## - TITLE STATEMENT |
| Remainder of title |
მოთხრობა |
| 245 ## - TITLE STATEMENT |
| Statement of responsibility, etc. |
წინას. ავტ.ა.სულავა. რედ. ალ. სულავა |
| 260 ## - PUBLICATION, DISTRIBUTION, ETC. |
| Place of publication, distribution, etc. |
თბილისი |
| 260 ## - PUBLICATION, DISTRIBUTION, ETC. |
| Name of publisher, distributor, etc. |
საბლიტგამი |
| 260 ## - PUBLICATION, DISTRIBUTION, ETC. |
| Date of publication, distribution, etc. |
1940 |
| 300 ## - PHYSICAL DESCRIPTION |
| Extent |
32გვ.16სმ. |
| 653 ## - INDEX TERM--UNCONTROLLED |
| Uncontrolled term |
მოთხრობა |
| 653 ## - INDEX TERM--UNCONTROLLED |
| Uncontrolled term |
რაქვიანა. |
| 942 ## - ADDED ENTRY ELEMENTS (KOHA) |
| Koha item type |
წიგნი |